00229nam a2200085Ia 4500008004100000041000800041100001700049245004200066260003500108241105s9999 xx 000 0 und d aeng aDhalpe Divya aInterpretation Centre For Raigad Fort bFinal Year B. Arch, BNCAc2014